Die Fleischversorgung der Stadt München : Untersuchungen über Preisbildung. Abteilung a: Preisbildung Für Agrarische Erzeugnisse. Gebiete der Intensiven Landwirtschaft. Fünfter Teil. Hrsg. Von Max Sering. (Schriften des Vereins Für Sozialpolitik 139-V).

Bibliographic Details
Main Author: Sering, Max.
Other Authors: Klose, Walther.
Format: eBook
Language:German
Published: Berlin : Duncker & Humblot, 2014.
Edition:1st ed.
Series:Duncker and Humblot Reprints Series
Subjects:
Online Access:Click to View
LEADER 02811nam a22003973i 4500
001 EBC7101350
003 MiAaPQ
005 20240729202204.0
006 m o d |
007 cr cnu||||||||
008 240729s2014 xx o ||||0 ger d
020 |a 9783428574292  |q (electronic bk.) 
020 |z 9783428174294 
035 |a (MiAaPQ)EBC7101350 
035 |a (Au-PeEL)EBL7101350 
035 |a (OCoLC)1347024526 
040 |a MiAaPQ  |b eng  |e rda  |e pn  |c MiAaPQ  |d MiAaPQ 
100 1 |a Sering, Max. 
245 1 4 |a Die Fleischversorgung der Stadt München :  |b Untersuchungen über Preisbildung. Abteilung a: Preisbildung Für Agrarische Erzeugnisse. Gebiete der Intensiven Landwirtschaft. Fünfter Teil. Hrsg. Von Max Sering. (Schriften des Vereins Für Sozialpolitik 139-V). 
250 |a 1st ed. 
264 1 |a Berlin :  |b Duncker & Humblot,  |c 2014. 
264 4 |c {copy}1914. 
300 |a 1 online resource (121 pages) 
336 |a text  |b txt  |2 rdacontent 
337 |a computer  |b c  |2 rdamedia 
338 |a online resource  |b cr  |2 rdacarrier 
490 1 |a Duncker and Humblot Reprints Series 
505 0 |a Intro -- Vorbemerkung -- Inhaltsverzeichnis -- Einleitung. Übersicht über die Geschichte des Münchener Metzgergewerbes -- Erster Teil -- 1. Der Umfang des Fleischbezugs von München -- a) Die Zu- und Ausfuhr am städtischen Viehhof -- b) Verzehr an Schlachtvieh -- c) Der Fleischverbrauch -- 2. Die Groß- und Kleinhandelspreise für Fleisch -- a) Methodisches zur Feststellung der Münchener Groß- und Kleinhandelspreise für Fleisch -- b) Die Entwicklung der Münchener Großhandelspreise für Fleisch -- c) Die Entwicklung der Münchener Kleinhandelspreise für Fleisch -- d) Die Spannung zwischen Groß- und Kleinhandelspreisen für Fleisch -- Zweiter Teil -- 1. Die Organisation des Münchener Fleischmarkts -- a) Der Zwischenhandel -- b) Das Metzgergewerbe -- 2. Die Bedeutung der städtischen Schlacht- und Viehhofgebühren für die Kleinhandelspreise für Fleisch -- 3. Maßnahmen zur Bekämpfung der Fleischteuerung -- Schluß -- Ausblick -- Nachwort: Die Fleischversorgung Münchens im gegenwärtigen Kriege. 
588 |a Description based on publisher supplied metadata and other sources. 
590 |a Electronic reproduction. Ann Arbor, Michigan : ProQuest Ebook Central, 2024. Available via World Wide Web. Access may be limited to ProQuest Ebook Central affiliated libraries.  
655 4 |a Electronic books. 
700 1 |a Klose, Walther. 
776 0 8 |i Print version:  |a Sering, Max  |t Die Fleischversorgung der Stadt München  |d Berlin : Duncker & Humblot,c2014  |z 9783428174294 
797 2 |a ProQuest (Firm) 
830 0 |a Duncker and Humblot Reprints Series 
856 4 0 |u https://ebookcentral.proquest.com/lib/matrademy/detail.action?docID=7101350  |z Click to View